000 00513nam a2200181Ia 4500
999 _c22713
_d22713
003 OSt
005 20200212143142.0
008 190216s9999||||xx |||||||||||||| ||und||
020 _a9788182711815
040 _coclc
082 _a956
_bHUS/I
100 _aHussain, N M
_91915
245 0 _aIraq Adhiniveshathinte Rashtreeyam /
_cN M Hussain
250 _a1st ed.
260 _bIslamic Publishing House,
_aKozhikode:
_c2006.
300 _a178p
942 _cBK
_2ddc
_h956
_iHUS/I
_k956
_mHUS/I